| 000 | 01475naa a22003257a 4500 | ||
|---|---|---|---|
| 001 | BR7000647 | ||
| 003 | BR-BrBNA | ||
| 005 | 20240918173408.0 | ||
| 007 | ta | ||
| 008 | 230509b bl.||||| |||| 00| 0 por d | ||
| 040 |
_aBR-BrBNA _bpor _cBiblioteca Nacional de Agricultura |
||
| 041 | _a(Pt) | ||
| 072 |
_aF30 _b1540 _bG514 |
||
| 090 | _aF30 BR7000647 | ||
| 100 | 1 | _aPereira, A.S. | |
| 111 | 1 |
_a1. Encontro de Engenheiros Agronomos Pesquisadores em Mandioca dos Paises Andinos e do Estado de Sao Paulo _cCampinas, SP (Brazil) _d20 Apr 1970 |
|
| 245 | 1 | _aBreve comentario sobre o andamento dos experimentos de competicao dos clones das mandiocas de mesa - aipins, no Instituto Agronomico do Estado de Sao Paulo [Manihot esculenta, competicao de variedade, Brasil] | |
| 260 | 3 |
_aCampinas, SP (Brasil): _c1970. |
|
| 500 | _aTrabalhos do 1. Encontro de Engenheiros Agronomos Pesquisadores em Mandioca dos Paises Andinos e do Estado de Sao Paulo Campinas, SP (Brasil): 1970. p. 121-147 (BR7000647-AM)F30 | ||
| 650 | _aMELHORAMENTO GENETICO VEGETAL | ||
| 650 | _aMANDIOCA | ||
| 650 | _aCLONE | ||
| 650 | _aCOMPORTAMENTO DE VARIEDADE | ||
| 650 | _aVARIEDADE | ||
| 650 | _aCAMPINAS | ||
| 650 | _aSAO PAULO | ||
| 773 | 0 |
_tTrabalhos do 1. Encontro de Engenheiros Agronomos Pesquisadores em Mandioca dos Paises Andinos e do Estado de Sao Paulo _wF30 BR7000647 _gCampinas, SP (Brasil), 1970. p. 121-147 |
|
| 909 |
_a202404 _bLucia _c55 _dLucia Elande |
||
| 942 |
_cAM _2AGRIS |
||
| 999 |
_c304374 _d304374 |
||